Statistiques concernant Les 20 clubs les plus populaires sur les réseaux sociaux.

Cliquez ici pour prendre le quiz!

Statistiques générales

  • Ce quiz a été pris 309 fois
  • Le résultat moyen est 18 sur 20

Statistiques - réponses

AbonnésClubsPays% Correct
176 613 881PSGFrance
100%
348 520 790RealEspagne
99%
317 973 858BarceloneEspagne
98%
132 683 093Manchester CityAngleterre
97%
205 859 211Manchester UnitedAngleterre
97%
123 303 172BayernAllemagne
96%
130 694 933LiverpoolAngleterre
96%
134 507 212ChelseaAngleterre
95%
140 751 318JuventusItalie
95%
56 043 808InterItalie
93%
95 518 388ArsenalAngleterre
91%
64 189 662MilanItalie
91%
23 575 549AjaxPays-Bas
90%
45 840 527AtleticoEspagne
89%
44 667 507DortmundAllemagne
89%
87 839 662TottenhamAngleterre
84%
42 404 380GalatasarayTurquie
81%
29 940 243RomaItalie
75%
32 502 792FenerbahceTurquie
63%
21 477 505LeicesterAngleterre
54%

Distribution des résultats

Percentile par nombre de réponses

% des personnes avec chaque résultat

Votre développement - résultats

Vous n’avez pas pris ce quiz